000 01365cas a22003857ar4500
005 20220329142303.0
008 120613c1999 jp zr pernn 0 b1eng d
010 _a81086
011 _a82058
022 _a1344-3941
035 _a92543
210 0 _aAnim. sci. j.
245 0 0 _aAnimal science journal
246 1 1 _aNihon Chikusan Gakkaiho
260 _aTokyo :
_bJapanese Society of Zootechnical Science,
_c1999-
300 _av.
362 0 _av.70 n.1, 1999
590 _aBATCH-UPD
_b10
_c20130110
_lUCH01
_h0757
590 _aBATCH-UPD
_b10
_c20130410
_lUCH01
_h0436
590 _aBATCH-UPD
_b10
_c20130914
_lUCH01
_h1502
590 _aCONVERSION
_b10
_c20130109
_lUCH01
_h1345
650 0 4 _aAnimales domesticos
_xMejoramiento.
_95909
650 1 4 _aGanadería
_xPublicaciones periódicas.
_944837
780 0 0 _tAnimal Science an Technology
780 0 0 _tNippon chikusan gakkai-ho
780 0 0 _tThe Japanese Journal of Zootechnical Science
866 _av. 71 n. 1 (2000) - v. 72 n. 10 (2001)
866 _av. 73 n. 1 (2002) - v. 73 n. 6 (2002)
866 _av. 74 n. 1 (2003) - v. 74 n. 6 (2003)
866 _av. 75 n. 1 (2004) - v. 75 n. 6 (2004)
866 _av. 77 n. 1 (2006) - v. 77 n. 6 (2006)
866 _av. 78 n. 1 (2007) - v. 78 n. 6 (2007)
866 _av.70 n.1-10 - (1999)
901 _aSE
999 _c81086
_d81086